|
|
|
|
| LEADER |
00883nam a2200241 a 4500 |
| 001 |
00013106 |
| 008 |
101128r20052002ii a b 001 0 eng |
| 020 |
|
|
|a 8178088053
|
| 040 |
|
|
|a BD-DhAAL
|d BD-DhAAL
|
| 082 |
0 |
0 |
|a 005.4/469
|2 21
|
| 245 |
1 |
0 |
|a Linux kernel programming /
|c Michael Beck... [et al.]
|
| 260 |
|
|
|a Delhi :
|b Pearson education,
|c c2002.[Reprinted 2005]
|
| 250 |
|
|
|a 3rd ed.
|
| 300 |
|
|
|a xiv, 471 p. :
|b ill. ;
|c 26 cm.
|
| 504 |
|
|
|a Includes bibliographical references and index.
|
| 541 |
1 |
|
|e 00013106
|
| 650 |
|
0 |
|a Linux
|
| 650 |
|
0 |
|a Operating systems (Computers)
|
| 650 |
|
0 |
|a Application software
|
| 700 |
1 |
|
|a Beck, Michael
|
| 852 |
4 |
|
|a Ayesha Abed library
|j General Shelf
|
| 999 |
|
|
|c 10117
|d 10117
|
| 952 |
|
|
|0 0
|1 0
|2 ddc
|4 0
|6 005_446900000000000_BEC
|7 0
|9 13373
|a BRACUL
|b BRACUL
|c GEN
|d 2010-12-01
|g 533.00
|l 5
|m 31
|o 005.4469 BEC
|p 3010013106
|r 2025-01-05
|s 2024-10-24
|t 1
|w 2010-12-01
|y BK
|